000 00283nam a22001337a 4500
008 170301b xxu||||| |||| 00| 0 eng d
020 _a9780443069598
041 _aeng
080 _27 ED
_a61
100 _a6
101 _aSHM
245 _aANESTHESIA
_cMILLER.R.D
942 _2udc
_cBK
999 _c6505
_d6505